Tocar a Diana /
Sparad:
| Huvudupphovsman: | |
|---|---|
| Materialtyp: | Bok |
| Språk: | Spanish |
| Publicerad: |
México:
Alfaguara,
2019.
|
| Ämnen: | |
| Taggar: |
Lägg till en tagg
Inga taggar, Lägg till första taggen!
|
MARC
| LEADER | 00000nam a22000007a 4500 | ||
|---|---|---|---|
| 008 | 220823b |||||||| |||| 00| 0 spa d | ||
| 020 | |a 9786073177801 | ||
| 041 | |a spa | ||
| 082 | 0 | 4 | |a CR863.4 |b R831t |
| 100 | 1 | |a Rossi, Anacristina | |
| 245 | 1 | 0 | |a Tocar a Diana / |c Anacristina Rossi |
| 260 | 1 | |a México: |b Alfaguara, |c 2019. | |
| 300 | |a 207 páginas : | ||
| 650 | 4 | |a LITERATURA COSTARRICENSE |v NOVELA | |
| 942 | |2 ddc |c BK | ||
| 999 | |c 22178 |d 22178 | ||



